History Quiz

Random History or Biography Quiz

Living History: 'In Their Own Words' Quiz Stats

 Plays Quiz Updated Mar 22, 2019

Score 0/15 Timer 12:00
0 Plays Today
% Correct
Chernobyl Disaster
88.5%
Pearl Harbor Attack
86.9%
D-Day Landing
86%
Hiroshima Bombing
85.9%
9|11 Attacks
84.7%
Lincoln Assassination
84.5%
Woodstock Festival
82.2%
Miracle on the Hudson
81.7%
% Correct
Japan Tsunami
80.3%
The Holocaust
79.6%
Kennedy Assassination
77.3%
Fall of the Berlin Wall
75.4%
Challenger Disaster
75.2%
MLK Assassination
71.8%
Wright Brothers 1st Flight
66.7%

You're not logged in!

Compare scores with friends on all Sporcle quizzes.
OR
Log In

Sporcle TV

Today on Sporcle TV


Watch our educational content, quiz creation guides, and fun videos on Sporcle TV.

Show Comments

Extras

Top Quizzes Today


Score Distribution

Your Account Isn't Verified!

In order to create a playlist on Sporcle, you need to verify the email address you used during registration. Go to your Sporcle Settings to finish the process.

Report this User

Report this user for behavior that violates our Community Guidelines.

Details: